[Event "Tuesday Night Marathon 2021.05 Online"]
[Site "chess.com"]
[Date "2021.04.20"]
[Round "3"]
[White "Gedajlovic, Max"]
[Black "Li, Eric Yuhan"]
[Result "1-0"]
[WhiteElo "2195"]
[BlackElo "2277"]
[PlyCount "135"]
[EventDate "2021.04.13"]
[EventType "swiss (rapid)"]
[EventRounds "6"]
[EventCountry "USA"]

1. d4 Nf6 2. c4 e6 3. Nf3 d5 4. Nc3 Bb4 5. Qb3 c5 6. dxc5 Na6 7. Bg5 h6 8. Bxf6
Qxf6 9. cxd5 exd5 10. e3 Bxc3+ 11. bxc3 Nxc5 12. Qb5+ Nd7 13. Nd4 Qe5 14. Qb4
Qe7 15. Nf5 Qxb4 16. cxb4 g6 17. Nd4 Ke7 18. Rc1 a5 19. b5 Kd6 20. b6 Nxb6 21.
Nb5+ Ke7 22. Nc7 Rb8 23. Rb1 Kd8 24. Nxd5 Nxd5 25. Rd1 Be6 26. Bc4 Ke7 27. Bxd5
Rhc8 28. Bxe6 Kxe6 29. Kd2 Rc4 30. Rc1 Rd8+ 31. Ke2 Rdc8 32. Rxc4 Rxc4 33. Rb1
Ra4 34. Rxb7 Rxa2+ 35. Kf3 a4 36. Ra7 h5 37. Ra5 a3 38. h4 Kd6 39. g3 Kc6 40.
Ke4 Kb6 41. Ra8 Kc5 42. f4 Kb4 43. Rb8+ Kc3 44. Ra8 Kb2 45. Rb8+ Ka1 46. Rb3 f6
47. f5 gxf5+ 48. Kf3 f4 49. gxf4 f5 50. Kg3 Re2 51. Rxa3+ Kb2 52. Kf3 Rh2 53.
Ra5 Rh3+ 54. Kf2 Rxh4 55. Rxf5 Kc3 56. Rd5 Kc4 57. Rd4+ Kc5 58. Rd8 Rg4 59. Kf3
Kc6 60. f5 Kc7 61. Rh8 Rg5 62. Kf4 Rg4+ 63. Ke5 h4 64. f6 Rg5+ 65. Ke6 Rg3 66.
e4 Re3 67. e5 h3 68. f7 1-0

[Event "Tuesday Night Marathon 2021.05 Online"]
[Site "chess.com"]
[Date "2021.04.20"]
[Round "4"]
[White "Gedajlovic, Max"]
[Black "Escalante, Brian"]
[Result "0-1"]
[WhiteElo "2195"]
[BlackElo "2547"]
[PlyCount "132"]
[EventDate "2021.04.13"]
[EventType "swiss (rapid)"]
[EventRounds "6"]
[EventCountry "USA"]

1. d4 Nf6 2. c4 c5 3. d5 b5 4. cxb5 a6 5. bxa6 g6 6. Nc3 Bg7 7. Nf3 O-O 8. a7
Rxa7 9. e4 e6 10. Be2 exd5 11. exd5 d6 12. O-O Na6 13. h3 Re7 14. Bg5 h6 15.
Bh4 Nc7 16. Re1 g5 17. Bg3 Ne4 18. Nxe4 Rxe4 19. Nd2 Rd4 20. Qc2 Nxd5 21. a3
Nf4 22. Bf1 Qf6 23. Nb3 Bf5 24. Qc3 Re4 25. Qxf6 Bxf6 26. Rxe4 Bxe4 27. Bxf4
gxf4 28. Nd2 Bc6 29. Rd1 d5 30. b4 Ba4 31. Rc1 c4 32. Nxc4 dxc4 33. Rxc4 Be5
34. Rc5 Bd6 35. Rd5 Rd8 36. Bc4 Bc7 37. Kf1 Rxd5 38. Bxd5 Be5 39. Ke2 Bb2 40.
Kd3 Bxa3 41. Kc4 Kf8 42. b5 Ke7 43. b6 f6 44. Be4 Kd6 45. Bf3 Bc5 46. Kd3 Bxb6
47. Ke4 Bxf2 48. Kxf4 Bd7 49. Be4 Be1 50. Bd3 Bd2+ 51. Kf3 Bc6+ 52. Kf2 Ke5 53.
g3 Kd4 54. Bf5 Be4 55. Bd7 Ke5 56. Ke2 Bb4 57. h4 Bf5 58. Bc6 Bg4+ 59. Kf2 Bc5+
60. Kg2 Kd4 61. Bb7 Ke3 62. Bc6 Bd6 63. Bb7 Bf5 64. Ba6 Be4+ 65. Kh3 Kf2 66. g4
Bg2# 0-1

[Event "Tuesday Night Marathon 2021.05 Online"]
[Site "chess.com"]
[Date "2021.04.27"]
[Round "5"]
[White "Winslow, Elliott"]
[Black "Gedajlovic, Max"]
[Result "0-1"]
[WhiteElo "2258"]
[BlackElo "2195"]
[PlyCount "62"]
[EventDate "2021.04.13"]
[EventType "swiss (rapid)"]
[EventRounds "6"]
[EventCountry "USA"]

1. d4 Nf6 2. c4 e6 3. Nf3 b6 4. Nc3 Bb7 5. a3 g6 6. d5 exd5 7. cxd5 Bg7 8. g3
O-O 9. Bg2 Re8 10. Nd2 a5 11. O-O Na6 12. Rb1 b5 13. e4 Nc5 14. b4 axb4 15.
axb4 Nd3 16. Qc2 Nxc1 17. Rfxc1 c6 18. Re1 Qb6 19. Nb3 cxd5 20. exd5 Rec8 21.
Qd3 Ng4 22. Ne4 Ra2 23. h3 Nxf2 24. Qe3 Qxe3 25. Rxe3 Nxe4 26. Bxe4 d6 27. Kf1
f5 28. Na5 fxe4 29. Nxb7 Bd4 30. Rxe4 Rf8+ 31. Ke1 Bc3+ 0-1

[Event "Tuesday Night Marathon 2021.03 Online"]
[Site "chess.com"]
[Date "2021.03.23"]
[Round "6"]
[White "Gedajlovic, Max"]
[Black "Stearman, Josiah"]
[Result "1-0"]
[WhiteElo "2141"]
[BlackElo "2494"]
[PlyCount "89"]
[EventDate "2021.03.09"]
[EventType "swiss"]
[EventRounds "8"]
[EventCountry "USA"]

1. d4 d5 2. c4 c6 3. Nf3 Nf6 4. e3 Bf5 5. Nc3 e6 6. Nh4 Be4 7. f3 Bg6 8. Qb3
Qc7 9. Bd2 Be7 10. g3 O-O 11. Nxg6 hxg6 12. cxd5 cxd5 13. Rc1 Nc6 14. Bd3 Rad8
15. f4 Ne8 16. Kf2 g5 17. Qd1 f5 18. a3 Nf6 19. Be2 gxf4 20. gxf4 Kf7 21. h4
Rh8 22. b4 a6 23. h5 Rh6 24. Bf3 Rdh8 25. Qe2 Qb8 26. Rcg1 Bd6 27. Ke1 b5 28.
Qg2 Qf8 29. Nxd5 Nxd5 30. Bxd5 Nxd4 31. exd4 exd5 32. Qxd5+ Re6+ 33. Kd1 Rhh6
34. Rg5 Qc8 35. Rhg1 Bf8 36. Rxf5+ Kg8 37. Rg6 Rhxg6 38. hxg6 Bd6 39. Rf7 Rxg6
40. Rf6+ Kh7 41. Rxg6 Kxg6 42. Qxd6+ Kf5 43. Qd5+ Kg4 44. Qg2+ Kh4 45. Be1+ 1-0

[Event "Chigorin Vancouver inv (online)"]
[Site "chess.com"]
[Date "2020.12.13"]
[Round "2"]
[White "Gedajlovic, Max"]
[Black "Hemstapat, Andrew"]
[Result "0-1"]
[WhiteElo "2329"]
[BlackElo "2245"]
[PlyCount "126"]
[EventDate "2020.12.13"]
[EventType "tourn (rapid)"]
[EventRounds "6"]
[EventCountry "CAN"]

1. c4 d6 2. Nc3 g6 3. g3 Bg7 4. Bg2 e5 5. d3 f5 6. Nf3 Nf6 7. O-O O-O 8. Qc2
Nc6 9. a3 a5 10. Rb1 h6 11. e3 g5 12. b4 axb4 13. axb4 Ne7 14. d4 e4 15. Nd2 c6
16. b5 c5 17. Nb3 b6 18. f3 exf3 19. Bxf3 Ra7 20. dxc5 dxc5 21. Nxc5 bxc5 22.
b6 Rb7 23. Rd1 Qe8 24. Ba3 Nd7 25. Na4 Ne5 26. Bg2 f4 27. exf4 gxf4 28. gxf4
Rxf4 29. Nxc5 Rb8 30. b7 Bf5 31. Qd2 Nf3+ 32. Bxf3 Rxf3 33. Nd7 Bxb1 34. Nxb8
Rd3 35. Qe2 Rxd1+ 36. Qxd1 Qg6+ 37. Kf2 Qb6+ 38. Kf1 Qxb7 39. Qd8+ Kh7 40. Qxe7
Qxb8 41. Bd6 Bd3+ 42. Kf2 Qb2+ 43. Kf3 Qd4 44. c5 Qd5+ 45. Ke3 Bg6 46. Kf4 Qd4+
47. Kg3 h5 48. h4 Qd3+ 49. Kf2 Qc2+ 50. Ke3 Qb3+ 51. Kf2 Qa3 52. Ke2 Qa6+ 53.
Kf2 Qc8 54. Ke3 Kg8 55. Kd2 Bh6+ 56. Kc3 Qh3+ 57. Kb4 Bd2+ 58. Kb5 Qb3+ 59. Kc6
Qa4+ 60. Kb7 Be4+ 61. Kc8 Qa8+ 62. Bb8 Bf5+ 63. Kc7 Bf4+ 0-1

[Event "Chigorin Vancouver inv (online)"]
[Site "chess.com"]
[Date "2020.12.13"]
[Round "3"]
[White "Gedajlovic, Max"]
[Black "Morozov, Grigorii"]
[Result "0-1"]
[WhiteElo "2329"]
[BlackElo "2437"]
[PlyCount "68"]
[EventDate "2020.12.13"]
[EventType "tourn (rapid)"]
[EventRounds "6"]
[EventCountry "CAN"]

1. d4 d5 2. Nf3 c6 3. e3 Nf6 4. c4 a6 5. Nc3 b5 6. c5 Bf5 7. h3 h6 8. g4 Bh7 9.
Ne5 Nfd7 10. f4 Nxe5 11. fxe5 e6 12. Qe2 Be7 13. Kf2 Bh4+ 14. Kg1 f6 15. exf6
Bxf6 16. Bd2 O-O 17. Bg2 e5 18. dxe5 Bxe5 19. Rd1 Kh8 20. Be1 Qe7 21. b4 a5 22.
bxa5 Na6 23. a4 b4 24. Nb5 Qxc5 25. Nd4 Rf6 26. Bh4 g5 27. Bf2 Raf8 28. Rf1
Qxa5 29. h4 gxh4 30. Rxh4 Nc5 31. Be1 Rxf1+ 32. Bxf1 Bd3 33. Rxh6+ Kg7 34. Qh2
Bxh2+ 0-1

[Event "Chigorin Vancouver inv (online)"]
[Site "chess.com"]
[Date "2020.12.20"]
[Round "5"]
[White "Hemstapat, Andrew"]
[Black "Gedajlovic, Max"]
[Result "1/2-1/2"]
[WhiteElo "2245"]
[BlackElo "2329"]
[PlyCount "80"]
[EventDate "2020.12.13"]
[EventType "tourn (rapid)"]
[EventRounds "6"]
[EventCountry "CAN"]

1. e4 b6 2. d4 Bb7 3. Bd3 e6 4. Ne2 Nf6 5. f3 d5 6. e5 Nfd7 7. O-O c5 8. c3 Be7
9. f4 g6 10. Be3 Ba6 11. g4 Qc8 12. f5 Bxd3 13. Qxd3 Qa6 14. Qd2 Nc6 15. fxe6
fxe6 16. Nf4 Nf8 17. Qf2 O-O-O 18. dxc5 Nxe5 19. h3 Nc4 20. Qe2 e5 21. Ng2 b5
22. b4 Ne6 23. Rf7 Bg5 24. Nd2 Bxe3+ 25. Nxe3 Ng5 26. Nexc4 dxc4 27. Raf1 Nxf7
28. Rxf7 Rhf8 29. Rxh7 Qxa2 30. Qg2 e4 31. Nxe4 Rd1+ 32. Kh2 Qxg2+ 33. Kxg2 Rf4
34. Nd6+ Kb8 35. Nxb5 g5 36. c6 Rd2+ 37. Kg3 Rd3+ 38. Kg2 Rd2+ 39. Kg3 Rd3+ 40.
Kg2 Rd2+ 1/2-1/2

[Event "Chigorin Vancouver inv (online)"]
[Site "chess.com"]
[Date "2020.12.20"]
[Round "6"]
[White "Morozov, Grigorii"]
[Black "Gedajlovic, Max"]
[Result "1/2-1/2"]
[WhiteElo "2437"]
[BlackElo "2329"]
[PlyCount "61"]
[EventDate "2020.12.13"]
[EventType "tourn (rapid)"]
[EventRounds "6"]
[EventCountry "CAN"]

1. d4 b6 2. c4 Bb7 3. d5 g6 4. Bd2 Bg7 5. Bc3 Bxc3+ 6. Nxc3 e5 7. e4 d6 8. h4
Nf6 9. Be2 h5 10. Nh3 Nbd7 11. Ng5 Nh7 12. Nxh7 Rxh7 13. Qc2 Kf8 14. O-O-O Kg7
15. Rdg1 a5 16. g4 hxg4 17. Bxg4 Nf6 18. Bf3 Qh8 19. Qd2 Ba6 20. b3 Nh5 21. Ne2
Kf8 22. Qg5 Nf4 23. a4 Nxe2+ 24. Bxe2 Qg7 25. Kd2 Qh6 26. f4 exf4 27. Qxh6+
Rxh6 28. Rf1 Ke7 29. Rxf4 Rah8 30. h5 gxh5 31. Rfh4 1/2-1/2

[Event "Vancouver Rapid-Tch Online"]
[Site "chess.com"]
[Date "2020.10.25"]
[Round "1.1"]
[White "Gedajlovic, Max"]
[Black "Morozov, Grigorii"]
[Result "0-1"]
[WhiteElo "2329"]
[BlackElo "2437"]
[PlyCount "116"]
[EventDate "2020.10.25"]
[EventType "team (rapid)"]
[EventRounds "3"]
[EventCountry "CAN"]
[WhiteTeam "Peace Sacrifice"]
[BlackTeam "Chigorin CC"]

1. d4 d5 2. c4 e6 3. Nf3 c6 4. Nc3 dxc4 5. a4 Bb4 6. e3 b5 7. Bd2 a5 8. axb5
Bxc3 9. Bxc3 cxb5 10. b3 Bb7 11. bxc4 b4 12. Bb2 Nf6 13. c5 O-O 14. Bb5 Bc6 15.
Ba4 Qc7 16. O-O Qb7 17. Bxc6 Nxc6 18. Qa4 Rfc8 19. Nd2 Qa6 20. Rfc1 Qd3 21. Nc4
Rc7 22. Nb6 Rd8 23. Qc2 Qxc2 24. Rxc2 Kf8 25. f3 Ke7 26. Kf2 Ra7 27. e4 a4 28.
d5 exd5 29. Bxf6+ Kxf6 30. exd5 b3 31. Rb2 Nb4 32. Ke2 Nxd5 33. Nxd5+ Rxd5 34.
Rxb3 axb3 35. Rxa7 Rxc5 36. Rb7 Rc2+ 37. Ke3 Rxg2 38. Rb6+ Kf5 39. h4 b2 40.
Rb5+ Kg6 41. Kf4 h5 42. Rb6+ f6 43. Rb7 Kh6 44. Rb6 Rc2 45. Kg3 Kg6 46. Rb5 Kf7
47. Rb6 Ke7 48. Kh3 Kd7 49. Kg3 Kc7 50. Rb3 Kd6 51. Kf4 Kd5 52. Kf5 Kc4 53. Rb8
Rg2 54. f4 Kc3 55. Ke6 Kc2 56. Rc8+ Kd1 57. Rb8 Kc1 58. Rc8+ Rc2 0-1

[Event "Vancouver Rapid-Tch Online"]
[Site "chess.com"]
[Date "2020.10.25"]
[Round "2.1"]
[White "Hemstapat, Andrew"]
[Black "Gedajlovic, Max"]
[Result "1-0"]
[WhiteElo "2245"]
[BlackElo "2329"]
[PlyCount "103"]
[EventDate "2020.10.25"]
[EventType "team (rapid)"]
[EventRounds "3"]
[EventCountry "CAN"]
[WhiteTeam "Chigorin CC"]
[BlackTeam "Peace Sacrifice"]

1. e4 c5 2. Nf3 d6 3. d4 cxd4 4. Nxd4 Nf6 5. Nc3 g6 6. Be3 Bg7 7. f3 O-O 8. Qd2
Nc6 9. O-O-O d5 10. exd5 Nxd5 11. Nxc6 bxc6 12. Nxd5 cxd5 13. Qxd5 Qc7 14. Qxa8
Bf5 15. Qxf8+ Kxf8 16. Rd2 h5 17. Be2 Kg8 18. Rhd1 a5 19. g4 hxg4 20. fxg4 Be6
21. Kb1 a4 22. a3 Be5 23. h4 Qb7 24. Rd8+ Kg7 25. Bd4 Bxd4 26. R1xd4 Qg2 27.
Bd1 f5 28. gxf5 Bxf5 29. Rxa4 Qc6 30. Rad4 e5 31. R4d5 e4 32. R8d6 Qc4 33. h5
e3 34. Re5 Qf4 35. Rdd5 Be4 36. Rc5 Kf6 37. h6 g5 38. Re8 Kf7 39. Rce5 Qf1 40.
R5e7+ Kg6 41. Rxe4 Qxd1+ 42. Ka2 Qxc2 43. R8e6+ Kh7 44. Rxe3 Qc4+ 45. Kb1 Qf1+
46. Kc2 Qf2+ 47. Re2 Qc5+ 48. Kb1 Qf5+ 49. Ka1 g4 50. Re7+ Kxh6 51. R2e6+ Kh5
52. Re5 1-0

[Event "Prague Summer op"]
[Site "Prague CZE"]
[Date "2017.08.04"]
[Round "1.20"]
[White "Baysarsaikhan, Yanjinlkham"]
[Black "Gedajlovic, Max"]
[Result "1/2-1/2"]
[WhiteElo "1988"]
[BlackElo "2312"]
[PlyCount "143"]
[EventDate "2017.08.04"]
[EventType "swiss"]
[EventRounds "9"]
[EventCountry "CZE"]
[Source "Chess Mix"]
[SourceDate "2017.08.20"]

1. d4 Nf6 2. c4 e6 3. g3 d5 4. Nf3 Bb4+ 5. Bd2 Be7 6. Bg2 O-O 7. Qc2 c6 8. O-O
Nbd7 9. Rd1 b6 10. b3 Ba6 11. a4 Rc8 12. a5 c5 13. axb6 Qxb6 14. Ba5 Qb8 15.
Nbd2 Bb7 16. dxc5 Nxc5 17. b4 Nce4 18. c5 e5 19. Qb2 d4 20. Bh3 Nc3 21. Re1
Bxf3 22. Bxc8 Nxe2+ 23. Kf1 Bh5 24. Ba6 Nc3 25. c6 Qd6 26. c7 Qxa6+ 27. b5 Qb7
28. f3 e4 29. Bxc3 dxc3 30. Qxc3 Qxb5+ 31. Qc4 Qf5 32. Nxe4 Qxf3+ 33. Kg1 Qf5
34. Rac1 Rc8 35. Nxf6+ Qxf6 36. Qe4 Bf8 37. Rc6 Qb2 38. Rb1 Qd2 39. Rb8 Qd1+
40. Kg2 Qd2+ 41. Kh3 Qd7+ 42. g4 Rxc7 43. Rxc7 Qxc7 44. Qb4 Bxg4+ 45. Kxg4 f5+
46. Kxf5 Qf7+ 47. Kg4 Qe6+ 48. Kf3 Qh3+ 49. Kf2 Qxh2+ 50. Kf1 Qh3+ 51. Kg1 Qg3+
52. Kf1 Qf3+ 53. Kg1 Qf7 54. Kg2 h5 55. Kg1 Qg6+ 56. Kh2 Qf5 57. Qb3+ Kh7 58.
Qb1 Bd6+ 59. Kh1 Qxb1+ 60. Rxb1 Kh6 61. Rb7 Bc5 62. Rc7 Bb6 63. Rc6+ Kg5 64.
Kg2 Kf5 65. Rd6 Ke4 66. Kh3 Bd4 67. Kh4 Kd3 68. Kxh5 a5 69. Ra6 Bc3 70. Kg6 Kc4
71. Rxa5 Bxa5 72. Kxg7 1/2-1/2

[Event "Prague Summer op"]
[Site "Prague CZE"]
[Date "2017.08.05"]
[Round "2.30"]
[White "Gedajlovic, Max"]
[Black "Sprenar, Petr"]
[Result "1-0"]
[WhiteElo "2312"]
[BlackElo "1999"]
[PlyCount "95"]
[EventDate "2017.08.04"]
[EventType "swiss"]
[EventRounds "9"]
[EventCountry "CZE"]
[Source "Chess Mix"]
[SourceDate "2017.08.20"]

1. d4 Nf6 2. c4 e6 3. Nf3 Bb4+ 4. Bd2 Qe7 5. g3 O-O 6. Nc3 b6 7. Bg2 Bb7 8. O-O
Ne4 9. Nxe4 Bxe4 10. Bg5 f6 11. Be3 d5 12. Rc1 dxc4 13. Rxc4 Bd5 14. Rc1 Bd6
15. Nd2 f5 16. Nc4 f4 17. Bxf4 Bxf4 18. gxf4 Rxf4 19. f3 c5 20. e3 Rh4 21. Ne5
Qg5 22. Qe2 Nc6 23. Nxc6 Bxc6 24. dxc5 bxc5 25. Rf2 Rd8 26. f4 Qg4 27. Kh1
Bxg2+ 28. Rxg2 Qxe2 29. Rxe2 Rh5 30. Kg2 Rhd5 31. Kf3 Kf7 32. Rec2 Rd2 33. Rxc5
R8d7 34. R5c2 Rxc2 35. Rxc2 Kf6 36. h4 Rd5 37. b3 h6 38. e4 Rd3+ 39. Kg4 h5+
40. Kxh5 Rg3 41. Rc8 g6+ 42. Kh6 Rg4 43. Rf8+ Ke7 44. Kg7 Rxh4 45. e5 a5 46.
Rf7+ Ke8 47. Ra7 Rxf4 48. Kxg6 1-0

[Event "Prague Summer op"]
[Site "Prague CZE"]
[Date "2017.08.06"]
[Round "3.16"]
[White "Baasansuren, Erdene"]
[Black "Gedajlovic, Max"]
[Result "1-0"]
[WhiteElo "2169"]
[BlackElo "2312"]
[PlyCount "81"]
[EventDate "2017.08.04"]
[EventType "swiss"]
[EventRounds "9"]
[EventCountry "CZE"]
[Source "Chess Mix"]
[SourceDate "2017.08.20"]

1. d4 e6 2. c4 Nf6 3. g3 d5 4. Nf3 Bb4+ 5. Bd2 Bd6 6. Bg2 c6 7. O-O Nbd7 8. Qc2
O-O 9. Bc3 Ne4 10. Nbd2 f5 11. b4 Qf6 12. Rab1 a6 13. Ba1 Qh6 14. a4 Ndf6 15.
Nxe4 fxe4 16. Ne5 Qh5 17. b5 axb5 18. axb5 c5 19. e3 b6 20. Qc3 cxd4 21. exd4
Ra3 22. Qb2 Ra4 23. Qc2 Ra7 24. h3 Rc7 25. Nc6 Nd7 26. Bc3 Bb7 27. cxd5 exd5
28. Bb4 Qh6 29. Qb3 Qe6 30. Bxe4 Bxc6 31. bxc6 Nf6 32. Bxd5 Nxd5 33. Rbe1 Qf7
34. Bxd6 Rxc6 35. Bxf8 Rc3 36. Qb5 Kxf8 37. Re5 Ne7 38. Qd7 g5 39. Qd8+ Qe8 40.
Qxe8+ Kxe8 41. Rfe1 1-0

[Event "Groningen op"]
[Site "Groningen NED"]
[Date "2016.12.22"]
[Round "2.6"]
[White "Gedajlovic, Max"]
[Black "Lai, Hing Ting"]
[Result "1/2-1/2"]
[WhiteElo "2338"]
[BlackElo "2409"]
[PlyCount "75"]
[EventDate "2016.12.21"]
[EventType "swiss"]
[EventRounds "9"]
[EventCountry "NED"]
[Source "Chess Mix"]

1. d4 Nf6 2. c4 e6 3. Nf3 b6 4. g3 Ba6 5. Nbd2 Bb7 6. Bg2 c5 7. e4 cxd4 8. e5
Ne4 9. Nxe4 Bxe4 10. Qxd4 Bb4+ 11. Bd2 Bxd2+ 12. Qxd2 Qc7 13. O-O O-O 14. Rfe1
Bb7 15. b3 Nc6 16. Rad1 Rfd8 17. h4 Ne7 18. h5 h6 19. g4 Rab8 20. Nh4 Bxg2 21.
Kxg2 Kh8 22. g5 Ng8 23. Qf4 hxg5 24. Qxg5 d6 25. Nf3 Nh6 26. Qf4 dxe5 27. Qxe5
Qc6 28. Qg5 Rdc8 29. Qb5 Qa8 30. Qe5 Rc5 31. Qe4 Rxh5 32. Rd7 Kg8 33. Qxa8 Rxa8
34. Re5 Nf5 35. a4 Nh4+ 36. Kg3 Nf5+ 37. Kg2 Nh4+ 38. Kg3 1/2-1/2

[Event "Groningen op"]
[Site "Groningen NED"]
[Date "2016.12.23"]
[Round "3.8"]
[White "Chigaev, Maksim"]
[Black "Gedajlovic, Max"]
[Result "1-0"]
[WhiteElo "2531"]
[BlackElo "2338"]
[PlyCount "79"]
[EventDate "2016.12.21"]
[EventType "swiss"]
[EventRounds "9"]
[EventCountry "NED"]
[Source "Chess Mix"]

1. Nf3 Nf6 2. d4 e6 3. Bf4 c5 4. e3 d5 5. c3 Nc6 6. Nbd2 Bd6 7. Bg3 O-O 8. Bb5
Ne7 9. Bd3 Ng6 10. Bxg6 hxg6 11. Bxd6 Qxd6 12. Ne5 b6 13. h4 Ba6 14. f4 b5 15.
g4 b4 16. h5 bxc3 17. bxc3 cxd4 18. hxg6 fxg6 19. cxd4 Qa3 20. Qf3 Rfc8 21. Qh3
Kf8 22. Qh8+ Ng8 23. Kf2 Rc2 24. Nxg6+ Kf7 25. Ne5+ Kf8 26. Nef3 Qd3 27. Rh7
Rc7 28. Re1 Rb8 29. Nb3 Qc2+ 30. Kg3 Bd3 31. Rh2 Qc6 32. Ne5 Qc3 33. Reh1 g5
34. fxg5 Be4 35. Rf1+ Ke7 36. Re2 Kd6 37. Nf7+ Kd7 38. Nc5+ Kc6 39. Nxe4 Qd3
40. Ne5+ 1-0

[Event "Groningen op"]
[Site "Groningen NED"]
[Date "2016.12.24"]
[Round "4.19"]
[White "Gedajlovic, Max"]
[Black "Sparenberg, Erik"]
[Result "1/2-1/2"]
[WhiteElo "2338"]
[BlackElo "2119"]
[PlyCount "95"]
[EventDate "2016.12.21"]
[EventType "swiss"]
[EventRounds "9"]
[EventCountry "NED"]
[Source "Chess Mix"]

1. Nf3 Nf6 2. b3 d5 3. Bb2 e6 4. e3 Be7 5. c4 O-O 6. Be2 b6 7. O-O Bb7 8. cxd5
Nxd5 9. Nc3 Bf6 10. Rc1 c5 11. d4 Nd7 12. Ne4 Be7 13. Ng3 Rc8 14. Qd2 cxd4 15.
Bxd4 Ba3 16. Rxc8 Qxc8 17. Nh5 N7f6 18. Nxf6+ Nxf6 19. Bxf6 gxf6 20. Qd4 Be7
21. h4 Kh8 22. Qb2 Rg8 23. Rc1 Qd7 24. Ne1 Bd5 25. Qc3 Qb7 26. Bf1 Bd8 27. h5
Qb8 28. Qd4 Qe5 29. Qxe5 fxe5 30. Nd3 f6 31. Rc8 Bb7 32. Rc3 Rg7 33. Ne1 Rc7
34. Rd3 Be7 35. Rd1 Kg7 36. g4 Kh6 37. Bc4 Bc8 38. f3 Kg5 39. Kf2 Rd7 40. Nd3
Rd8 41. a4 e4 42. fxe4 e5 43. Rg1 Bxg4 44. h6 Kh4 45. Rh1+ Kg5 46. Rg1 Kh4 47.
Rh1+ Kg5 48. Rg1 1/2-1/2

[Event "Groningen op"]
[Site "Groningen NED"]
[Date "2016.12.27"]
[Round "6.22"]
[White "Gedajlovic, Max"]
[Black "Markus, John Raymond"]
[Result "1-0"]
[WhiteElo "2338"]
[BlackElo "2098"]
[PlyCount "103"]
[EventDate "2016.12.21"]
[EventType "swiss"]
[EventRounds "9"]
[EventCountry "NED"]
[Source "Chess Mix"]

1. d4 d5 2. Nf3 c6 3. c4 e6 4. e3 Nf6 5. b3 Nbd7 6. Bb2 Bd6 7. Bd3 O-O 8. O-O
b6 9. Ne5 Bb7 10. Nd2 Qe7 11. Qf3 c5 12. Qh3 h6 13. Nxd7 Nxd7 14. cxd5 exd5 15.
Qf5 g6 16. Qh3 Kh7 17. Rae1 f5 18. f4 Rae8 19. Rf3 c4 20. bxc4 dxc4 21. d5 h5
22. Bxc4 Bb4 23. Bc1 Nf6 24. Rd1 Nxd5 25. Bxd5 Bxd5 26. Rf2 Rd8 27. Nf3 Bxf3
28. Qxf3 Qe4 29. Rxd8 Rxd8 30. Qxe4 fxe4 31. Rc2 Bc5 32. Kf2 Kg8 33. Ke2 Kf7
34. Rc4 Re8 35. Bb2 Re6 36. Be5 g5 37. Rxe4 Kg6 38. Rc4 gxf4 39. Bxf4 Kf5 40.
Kf3 Re7 41. e4+ Ke6 42. Rc2 Rf7 43. g3 Rd7 44. Rd2 Rxd2 45. Bxd2 b5 46. Be3
Bxe3 47. Kxe3 Ke5 48. h3 b4 49. g4 hxg4 50. hxg4 a5 51. g5 a4 52. Kd3 1-0

[Event "Groningen op"]
[Site "Groningen NED"]
[Date "2016.12.28"]
[Round "7.18"]
[White "Chu, Wei Chao"]
[Black "Gedajlovic, Max"]
[Result "1/2-1/2"]
[WhiteElo "2281"]
[BlackElo "2338"]
[PlyCount "54"]
[EventDate "2016.12.21"]
[EventType "swiss"]
[EventRounds "9"]
[EventCountry "NED"]
[Source "Chess Mix"]

1. Nf3 Nf6 2. c4 e6 3. b3 b6 4. Bb2 Bb7 5. e3 Be7 6. Be2 O-O 7. O-O d5 8. Nc3
c6 9. d4 Nbd7 10. Rc1 Rc8 11. Bd3 c5 12. cxd5 Nxd5 13. Nxd5 Bxd5 14. Ba6 Rc7
15. Qe2 cxd4 16. e4 Ba8 17. Bxd4 Rxc1 18. Rxc1 Nc5 19. Bd3 Nxd3 20. Qxd3 Bc5
21. Rd1 Bxd4 22. Qxd4 Qc7 23. h4 Qc2 24. Rd3 Qc1+ 25. Rd1 Qc2 26. Rd3 Qc1+ 27.
Rd1 Qc2 1/2-1/2

[Event "London Classic op"]
[Site "London ENG"]
[Date "2016.12.09"]
[Round "1.58"]
[White "Jones, Tibor"]
[Black "Gedajlovic, Max"]
[Result "0-1"]
[WhiteElo "1946"]
[BlackElo "2338"]
[PlyCount "58"]
[EventDate "2016.12.09"]
[EventType "swiss"]
[EventRounds "9"]
[EventCountry "ENG"]
[Source "ChessMix"]

1. d4 Nf6 2. c4 g6 3. Nc3 d5 4. Nf3 Bg7 5. h4 c6 6. cxd5 cxd5 7. Bf4 Nc6 8. e3
O-O 9. Rc1 Bg4 10. Qb3 Na5 11. Qb5 a6 12. Qb4 Bxf3 13. gxf3 Rc8 14. Bd3 Re8 15.
Ke2 Nh5 16. Bh2 e5 17. dxe5 Bxe5 18. Bxe5 Rxe5 19. Kd1 d4 20. Ne4 Nc6 21. Qb3
Rc7 22. Rc2 dxe3 23. fxe3 Na5 24. Qa3 Nc4 25. Rxc4 Rxc4 26. Ke2 Rcxe4 27. fxe4
Ng3+ 28. Kf2 Nxh1+ 29. Kg2 Qxh4 0-1

[Event "London Classic op"]
[Site "London ENG"]
[Date "2016.12.10"]
[Round "2.3"]
[White "Gedajlovic, Max"]
[Black "Fressinet, Laurent"]
[Result "0-1"]
[WhiteElo "2338"]
[BlackElo "2672"]
[PlyCount "94"]
[EventDate "2016.12.09"]
[EventType "swiss"]
[EventRounds "9"]
[EventCountry "ENG"]
[Source "ChessMix"]

1. d4 Nf6 2. Nf3 g6 3. Nbd2 d5 4. e3 Bg7 5. c4 O-O 6. cxd5 Nxd5 7. Be2 Nd7 8.
Qb3 e6 9. Ne4 b6 10. O-O Bb7 11. Nc5 Nxc5 12. dxc5 a5 13. cxb6 Nxb6 14. Rd1 Qe7
15. Bd2 a4 16. Qb4 Qxb4 17. Bxb4 Bxb2 18. Rab1 a3 19. Bxf8 Kxf8 20. Nd2 Na4 21.
Rdc1 Bd5 22. Bc4 Bxc1 23. Rxc1 Nb6 24. Bb3 Ra7 25. h3 Ke8 26. Kh2 Kd8 27. Rc3
Na4 28. Rc2 Ra5 29. e4 Bxb3 30. Nxb3 Rb5 31. Rc4 Nb6 32. Rc3 Rb4 33. f3 Kc8 34.
Kg3 Rc4 35. Rxc4 Nxc4 36. f4 Kb7 37. Kf3 Kb6 38. Ke2 e5 39. g3 Kb5 40. Kd3 Kb4
41. fxe5 c5 42. Na1 Nxe5+ 43. Kd2 Nf3+ 44. Ke3 Nd4 45. Kd3 f6 46. h4 h5 47. Kd2
Kc4 0-1

[Event "London Classic op"]
[Site "London ENG"]
[Date "2016.12.10"]
[Round "3.45"]
[White "Sucikova, Svetlana"]
[Black "Gedajlovic, Max"]
[Result "0-1"]
[WhiteElo "2083"]
[BlackElo "2338"]
[PlyCount "72"]
[EventDate "2016.12.09"]
[EventType "swiss"]
[EventRounds "9"]
[EventCountry "ENG"]
[Source "ChessMix"]

1. c4 e5 2. Nc3 Nf6 3. g3 c6 4. d4 e4 5. Bg5 Bb4 6. Bg2 d5 7. Qa4 Bxc3+ 8. bxc3
O-O 9. Nh3 Nbd7 10. O-O Nb6 11. Qa5 Nxc4 12. Qxd8 Rxd8 13. Bxf6 gxf6 14. Nf4
Kf8 15. Rfb1 b6 16. e3 Ke7 17. Bf1 Nd2 18. Rb2 Nxf1 19. Kxf1 Ba6+ 20. Ke1 Rac8
21. Kd2 c5 22. Rc1 cxd4 23. cxd4 Bc4 24. a3 b5 25. Ra1 Rc6 26. a4 Ra6 27. a5
Rc6 28. h4 Kd6 29. Kc3 Rb8 30. Kb4 Bd3 31. Nxd3 exd3 32. Rd1 Rc4+ 33. Kb3 Rbc8
34. Rxd3 Ra4 35. Rc3 Rcc4 36. Rbc2 Rcb4# 0-1

[Event "London Classic op"]
[Site "London ENG"]
[Date "2016.12.11"]
[Round "4.39"]
[White "Gedajlovic, Max"]
[Black "Seymour, Timothy"]
[Result "1-0"]
[WhiteElo "2338"]
[BlackElo "2060"]
[PlyCount "81"]
[EventDate "2016.12.09"]
[EventType "swiss"]
[EventRounds "9"]
[EventCountry "ENG"]
[Source "ChessMix"]

1. d4 f5 2. Bg5 h6 3. Bh4 g5 4. e3 Nf6 5. Bg3 d6 6. Bd3 Nc6 7. h4 g4 8. Nc3 e5
9. dxe5 dxe5 10. Qe2 Qe7 11. O-O-O Bd7 12. h5 Qf7 13. Bc4 Be6 14. Bxe6 Qxe6 15.
Bh4 Nxh5 16. Qb5 Rb8 17. Nd5 Bd6 18. Be7 Ng7 19. Bf6 Kf7 20. Ne2 Nd8 21. Bxg7
c6 22. Qd3 Kxg7 23. Ndc3 Nf7 24. f4 Rbd8 25. Ng3 e4 26. Qe2 Bb4 27. Nb1 Nd6 28.
Rh5 b5 29. Rxd6 Bxd6 30. Nxf5+ Kf7 31. Qxg4 Rdg8 32. Nxd6+ Qxd6 33. Qf5+ Qf6
34. Qd7+ Kg6 35. g4 Qf7 36. Qxc6+ Kg7 37. Rf5 Qe7 38. Re5 Qf7 39. Qc3 Kh7 40.
Qc6 Qg6 41. Re6 1-0